| 000 | 00699nam a22001937a 4500 | ||
|---|---|---|---|
| 999 |
_c158284 _d158284 |
||
| 005 | 20181024145751.0 | ||
| 010 | _aB-710640 | ||
| 020 |
_a9780143426141 _c699.00 |
||
| 035 | _aB-710640 | ||
| 037 | _bPenguin Group | ||
| 082 | _a891.43937 | ||
| 100 | _aFaruqi, Shamsur Rahman | ||
| 245 |
_aThe sun that rose from the earth / _cby Shamsur Rahman Faruqi |
||
| 260 |
_aGurgaon _bPenguin Group _c2014 |
||
| 270 |
_a7th Floor, Infinity Tower C, DLF Cyber City _bGurgaon _e122002 |
||
| 300 |
_a610p. _c22 cm (pbk) |
||
| 942 |
_2ddc _cEN _h891.43937 _mFAR |
||